Taylor Swift - Beautiful Ghosts (Lyrics) - Statistics

General Stats
  • This quiz has been taken 33 times
  • The average score is 243 of 294
Answer Stats
Answer % Correct
A
100%
a
100%
All
100%
and
100%
And
100%
be
100%
beautiful
100%
ghosts
100%
I
100%
me
100%
me?
100%
on
100%
one
100%
that
100%
the
100%
to
100%
wanted
100%
was
100%
when
100%
where
100%
With
100%
with
100%
you
100%
At
95%
at
95%
have
95%
I'll
95%
in
95%
into
95%
of
95%
So
95%
so
95%
these
95%
were
95%
But
89%
but
89%
if
89%
Is
89%
know
89%
least
89%
my
89%
no
89%
nothing
89%
something,
89%
something
89%
Too
89%
would
89%
alone
84%
it
84%
never
84%
them
84%
them,
84%
what
84%
What
84%
wouldn't
84%
ago
79%
dare
79%
free
79%
get
79%
haunted
79%
home
79%
it's
79%
just
79%
long
79%
lost
79%
streets,
79%
this
79%
young
79%
Born
74%
cling
74%
for
74%
I'd
74%
let
74%
memories
74%
memory
74%
night,
74%
night
74%
wander
74%
Follow
68%
known
68%
lead
68%
London
68%
rooms
68%
Visions
68%
dance
63%
dark,
63%
dazzling
63%
had
63%
life
63%
wild
63%
dream?
58%
feel
58%
from
58%
isn't
58%
ones
58%
Should
58%
thought
58%
again
53%
call
53%
friends
53%
light
53%
mystical
53%
Scared
53%
start
53%
take
53%
their
53%
wait
53%
alive
47%
are
47%
beauty
47%
before
47%
chances
47%
hope
47%
knew
47%
maybe
47%
safe,
47%
took
47%
broken
42%
calling
42%
dawning
42%
flicker
42%
voices
42%
here,
37%
love
37%
Out
37%
they've
37%
within
37%
world
37%
phantoms
32%
watch
32%
fear
21%
taming
16%
Perilous
5%
No matching quizzes found
Score Distribution
Percent of People with Each Score
Percentile by Number Answered
Your Score History
You have not taken this quiz